| 000 | 00445nam a22001937a 4500 | ||
|---|---|---|---|
| 999 |
_c331066 _d331066 |
||
| 003 | NUST | ||
| 005 | 20200930103016.0 | ||
| 008 | 170830b xxu||||| |||| 00| 0 eng d | ||
| 020 | _a9780340927014 | ||
| 038 | _aAZHAR | ||
| 040 | _c0 | ||
| 082 | _a361.06 | ||
| 100 | _4 Hough, Margaret | ||
| 245 | _aCounselling skills and theory | ||
| 250 | _a2nd ed. | ||
| 260 |
_aLondon _bHodder Education _c1998 |
||
| 300 | _a318p | ||
| 942 |
_2ddc _cBK |
||